000 02990nam a2200181Ia 4500
003 Ost
005 20260507075110.0
008 260507s9999||||xx |||||||||||||| ||und||
040 _cfsecg
041 _aara
082 _a330
100 _aحسين عوض الله، زينب
_eمؤلف
245 0 _aاصول الاقتصاد السياسي /
_c زينب حسين عوض الله
260 _aالاسكندرية:
_bدار الجامعية للنشر,
_c2000
520 _aالباب الأول : في تعريف علم الاقتصاد : الفصل الأول : في تعريف علم الاقتصاد السياسي : المبحث الأول : اجتماعية علم الاقتصاد السياسي : المبحث الثاني : الفروع الأساسية لعلم الاقتصاد السياسي : الفصل الثاني : السياسة الاقتصادية والقرار الاقتصادي ودور رجل الاقتصاد : المبحث الأول : دور رجل الاقتصاد : المبحث الثاني : العوامل المؤثرة على اتخاذ القرار الاقتصادي : المبحث الثالث : المشكلة الاقتصادية والمسألة الاقتصادية : الفصل الثالث : الانتاج وعناصره : المبحث الأول : العنصر البشري : المطلب الأول : العمل : المطلب الثاني : التنظيم : المطلب الثالث : الثورة العلمية التكنولوجية : المبحث الثاني : عناصر الإنتاج المادية : المطلب الأول : رأس المال : الفصل الرابع : الناتج القومي والدخل القومي : المبحث الأول : الناتج القومي : المبحث الثاني : الاستهلاك : المبحث الثالث : الادخار : المطلب الأول : أهم خصائص النظام الاقتصادي الرأسمالي : المطلب الثاني : أهم خصائص النظام الاقتصادي الاشتراكي : المطلب الثالث : النظم الاقتصادية في اقتصاديات العالم المعاصر : المبحث الثاني : الوزن النسبي لقطاعات النشاط الاقتصادي ومستوى تطورها-الباب الثاني : نظرية القيمة والأثمان : الفصل الأول : النظريات المفسرة للقيمة : الفصل الثاني : العرض-الباب الثالث : نظرية الإنتاج-الباب الرابع : نظرية سلوك المشروع والأسواق-الباب الخامس : نظرة موجزة في نظرية التوزيع. ملخص: يتناول هذا الكتاب في تعريف علم الاقتصاد ? في تعريف علم الاقتصاد السياسي- دور رجل الاقتصاد ? المشكلة الاقتصادية والمسالة الاقتصادية ? العنصر البشري
653 _aاقتصاد سياسي
942 _cكتاب
999 _c42873
_d42873